1784 1870 1653 1124 1724 1094 1638 1187 1487 1740 1570 1827 1251 1565 1868 1942 1087 1924 1960 1926 1240 1715 1955 1300 1401 1718 1236 1148 1307 1493 1614 1825 1246 1441 1796 1890 1386 1914 1507 1782 1253 1879 1045 1978 1740 1526 1906 1054 1099 1358 1862 1932 1853 1589 1058 1267 1872 1801 1172 1269 1248 1265 1147 1306 1815 1142 1912 1925 1919 1123 1886 1288 1536 1674 1866 1622 1739 1268 1206 1133 1238 1697 1349 1915 1136 1244 1429 1780 1621 1674 1397 1601 1182 1022 1443 1409 1431 1831 1729 BCNSPRNW ULIB Ver.6.0+V

เปลี่ยนเป็นภาษาไทย

Change to English
 แสดงรายละเอียดบรรณานุกรม
  กลับหน้าหลัก

Brief Record : Get Marc (ISO 2709) : E-mail record : QR code < ปิดหน้าต่าง
LEADER : 00000nam 2200000uu 4500
001    13399127954
003     ULIB
008    211117s2563||||th 000 0 tha d
020 ^- ^a9786160040995
050 ^- ^aนว.^bฌ652ล
100 0^ ^aเฌอนมไข่มุก.
245 10 ^aเล่ห์รักเมฆา /^cเฌอนมไข่มุก.
250 ^- ^aพิมพ์ครั้งแรก.
260 ^- ^aกรุงเทพฯ :^bSugar Beat,^c2563
300 ^- ^a608 หน้า.
945    ^p420^l0^i008543
999    ^aประนอม เกษจรัล
รายการนี้ยังไม่มีแท็ก
คุณยังไม่ได้ล็อกอิน คุณสามารถมีกิจกรรมร่วมกับเว็บไซต์ได้ แต่ต้องล็อกอินก่อน ::
  ล็อกอิน

รายการสื่อสารสนเทศ

ลำดับที่ ประเภท เลขเรียก/บาร์โค้ด สถานที่ สถานะ
1. นวนิยาย
นวนิยาย
นว. ฌ652ล ฉ.1 
  Barcode: 008543
ห้องสมุดวิทยาเขตสวรรค์ประชารักษ์
►นวนิยาย
ถูกยืม กำหนดส่งวันที่ 10 สิงหาคม 2566
  จอง

รายการใกล้เคียง
    ผู้แต่ง [เฌอนมไข่มุก.]

BibComment


ยังไม่เคยถูกคอมเมนท์

คอมเมนท์ทรัพยากรรายการนี้
  คอมเมนท์: เล่ห์รักเมฆา เฌ..


 Copyright 2026. Bcnsprnw @Library